书目信息 |
| 题名: |
外国电影剧本丛刊
|
|
| 作者: | 盖尔曼 著 ;李溪桥 , 李小蒸 译 | |
| 分册: | 42 龙爪花 东京纪行 | |
| 出版信息: | 北京 中国电影出版社 1985 |
|
| 页数: | 194页 | |
| 开本: | 19cm | |
| 丛书名: | ||
| 单 册: | ||
| 中图分类: | I135 | |
| 科图分类: | ||
| 主题词: | 电影文学剧本--外国--丛刊 | |
| 电子资源: | ||
| ISBN: | ||
| 000 | 00839nam0 2200277 450 | |
| 001 | 1536346832 | |
| 005 | 20150126101931.53 | |
| 010 | @dCNY0.75 | |
| 091 | @a10061.467 | |
| 100 | @a19901105d1985 em y0chiy0110 ea | |
| 101 | 1 | @achi@crus |
| 102 | @aCN@b110000 | |
| 105 | @ay z 000by | |
| 200 | 1 | @a外国电影剧本丛刊@9wai guo dian ying ju ben cong kan@h42@i龙爪花 东京纪行@f(苏)盖尔曼著@g李溪桥, 李小蒸译 |
| 210 | @a北京@c中国电影出版社@d1985 | |
| 215 | @a194页@d19cm | |
| 300 | @a本书原名: 金奖 | |
| 517 | 1 | @a金奖@9jin jiang |
| 517 | 1 | @a龙爪花 东京纪行@Along zhua hua dong jing ji xing |
| 606 | 0 | @a电影文学剧本@y外国@x丛刊 |
| 690 | @aI135@v5 | |
| 701 | 1 | @a盖尔曼@9gai er man@4著 |
| 702 | 0 | @a李溪桥@9li xi qiao@4译 |
| 702 | 0 | @a李小蒸@9li xiao zheng@4译 |
| 801 | 0 | @aCN@bTSSF@c20150126 |
| 905 | @aZUCC@dI135@eJY1:42 | |
| 外国电影剧本丛刊.42.龙爪花 东京纪行/(苏)盖尔曼著/李溪桥, 李小蒸译.-北京:中国电影出版社,1985 |
| 194页;19cm |
| 本书原名: 金奖 |
| ISBN :CNY0.75 |
| ● |
| 相关链接 |
|
|
|
|
正题名:外国电影剧本丛刊
索取号:I135/JY1:42
 
预约/预借
| 序号 | 登录号 | 条形码 | 馆藏地/架位号 | 状态 | 备注 |
| 1 | 7853794 | 278537941 | 学院路分馆/ [索取号:I135/JY1:42] | 在馆 | |
| 2 | 7853795 | 278537950 | 学院路分馆/ [索取号:I135/JY1:42] | 在馆 | |
| 3 | 7853796 | 278537969 | 学院路分馆/ [索取号:I135/JY1:42] | 在馆 | |
| 4 | 7853797 | 278537978 | 学院路分馆/ [索取号:I135/JY1:42] | 在馆 | |
| 5 | 7853798 | 278537987 | 学院路分馆/ [索取号:I135/JY1:42] | 在馆 | |
| 6 | 7853799 | 278537996 | 学院路分馆/ [索取号:I135/JY1:42] | 在馆 |